000 00812cab a2200229 4500
001 ABS51832
008 090401t1994 xxu||||| |||| 00| 0 eng d
035 _a(Sirsi) u45776
041 _aeng
100 _aWorthington, J.
245 _aEffective project management results from establishing the optimum brief
260 _c1994
350 _a0
490 _aProperty Review
_v4(6) November 1994, 182-185(4)
520 _aDiscusses the role of the project manager and highlights the briefing process as an efficient and effective way to ensure that the design and construction process is iterative and successful through feedback.
650 _aBRIEFING PROCESS
650 _aLATHAM REFORMS
650 _aPROJECT MANAGERS
690 _aProject management
_96261
942 _n0
948 _c04/03/1997
999 _c28965
_d28965